Statistiques concernant Provinces et territoires du Canada

Cliquez ici pour prendre le quiz!

Statistiques générales

  • Ce quiz a été pris 27 fois
  • Le résultat moyen est 10 sur 13

Statistiques - réponses

Provinces et territoires% Correct
Alberta
88%
Ontario
88%
Yukon
88%
Québec
81%
Manitoba
75%
Nouveau-Brunswick
75%
Nunavut
75%
Colombie-Britannique
69%
Île-du-Prince-Édouard
69%
Nouvelle-Écosse
69%
Saskatchewan
69%
Territoires du Nord-Ouest
69%
Terre-Neuve-et-Labrador
63%

Distribution des résultats

Percentile par nombre de réponses

% des personnes avec chaque résultat

Votre développement - résultats

Vous n’avez pas pris ce quiz